Calculus Early TranscendentaLs / (Record no. 340568)

MARC details
000 -LEADER
fixed length control field 00371cam a2200145ua 4500
020 ## - INTERNATIONAL STANDARD BOOK NUMBER
International Standard Book Number 9788131521052
082 ## - DEWEY DECIMAL CLASSIFICATION NUMBER
Classification number 515.1
Item number STE/CA
100 ## - MAIN ENTRY--PERSONAL NAME
Personal name Stewart , James .
9 (RLIN) 1337
245 ## - TITLE STATEMENT
Title Calculus Early TranscendentaLs /
250 ## - EDITION STATEMENT
Edition statement 5 / 7
260 ## - PUBLICATION, DISTRIBUTION, ETC. (IMPRINT)
Place of publication, distribution, etc. Delhi
Name of publisher, distributor, etc. Thomson , Cengage Learning
Date of publication, distribution, etc. 2012
300 ## - PHYSICAL DESCRIPTION
Extent 1170, A1 to A146
500 ## - GENERAL NOTE
General note Metrics version
942 ## - ADDED ENTRY ELEMENTS (KOHA)
Koha item type Books (General)
Holdings
Withdrawn status Lost status Damaged status Not for loan Home library Current library Date acquired Total Checkouts Total Renewals Full call number Barcode Date last seen Date checked out Price effective from Koha item type Collection code Shelving location Source of acquisition Cost, normal purchase price
        Kelappaji College of Agricultural Engineering & Technology Library, Tavanur Kelappaji College of Agricultural Engineering & Technology Library, Tavanur 07/04/2012 1 1 515.1 KAU_KCAEFT-21509 03/09/2025 19/12/2012 07/04/2012 Books (General)        
        Kelappaji College of Agricultural Engineering & Technology Library, Tavanur Kelappaji College of Agricultural Engineering & Technology Library, Tavanur 27/08/2016     515.1 STE/CA KAU_KCAEFT-BB 371 27/08/2016   27/08/2016 Book Bank scheme for SC students     Dream Tech Publishers & Book Sellers, Thiruvanathapuram. 595.00
Kerala Agricultural University Central Library
Thrissur-(Dt.), Kerala Pin:- 680656, India
Ph : (+91)(487) 2372219
E-mail: librarian@kau.in
Website: http://library.kau.in/